[Event "EU-ch Online U2300 Final"]
[Site "Chess.com INT"]
[Date "2020.05.26"]
[Round "6"]
[White "Sergeev, Nikita S"]
[Black "Ivanisvili, Andrejs"]
[Result "1-0"]
[WhiteElo "1335"]
[BlackElo "2233"]
[PlyCount "93"]
[EventDate "2020.05.26"]
[EventType "swiss"]
[EventRounds "8"]
[EventCountry "NET"]
[SourceTitle "CBM 196 Extra"]
[Source "ChessBase"]
[SourceDate "2020.07.31"]
[SourceVersion "1"]
[SourceVersionDate "2020.07.31"]
[SourceQuality "1"]

1. d4 d5 2. Nf3 Nf6 3. Bf4 e6 4. e3 Bd6 5. Bg3 0-0 6. Bd3 b6 7. Nbd2 Bb7 8. c3 c5 9. Ne5 c4 10. Bc2 b5 11. a3 a5 12. Bh4 Be7 13. 0-0 Nbd7 14. f4 Ne4 15. Bxe7 Qxe7 16. Bxe4 dxe4 17. a4 Nxe5 18. fxe5 b4 19. Nxc4 Ba6 20. b3 bxc3 21. Qc2 Qb4 22. Rfc1 Bxc4 23. bxc4 Qxc4 24. Qxc3 Qxc3 25. Rxc3 Rfb8 26. Rac1 g5 27. g4 Rb4 28. Ra1 Rb2 29. Rc7 Re2 30. Rf1 Rf8 31. Rc3 Ra2 32. Rc4 Rb8 33. Rc7 Rf8 34. Rc4 Kg7 35. Rc7 Rxa4 36. d5 exd5 37. e6 Kg8 38. Rcxf7 Rxf7 39. Rxf7 d4 40. Rf5 Rb4 41. exd4 Rb8 42. Rxa5 Kf8 43. Rxg5 Rb2 44. Re5 Re2 45. d5 Ke7 46. d6+ Kxd6 47. e7 1-0

[Event "EU-ch Online U2300 Qual"]
[Site "Chess.com INT"]
[Date "2020.05.25"]
[Round "4"]
[White "Muradli, Mahammad"]
[Black "Sergeev, Nikita S"]
[Result "1-0"]
[WhiteElo "2449"]
[BlackElo "1335"]
[PlyCount "81"]
[EventDate "2020.05.25"]
[EventType "swiss"]
[EventRounds "8"]
[EventCountry "NET"]
[SourceTitle "EXT 2021"]
[Source "ChessBase"]
[SourceDate "2020.10.23"]
[SourceVersion "1"]
[SourceVersionDate "2020.10.23"]
[SourceQuality "1"]

1. Nf3 Nf6 2. d4 e6 3. c4 c5 4. d5 b5 5. Qc2 bxc4 6. e4 exd5 7. exd5 Nxd5 8. Bxc4 Nb6 9. 0-0 Be7 10. Re1 0-0 11. Bd3 h6 12. Qe2 Nc6 13. Nc3 Bb7 14. Bf4 Rc8 15. Rad1 d5 16. Bb1 Re8 17. h4 Bf8 18. Qc2 g6 19. h5 Qf6 20. Bg3 Rxe1+ 21. Rxe1 Nb4 22. Qd2 d4 23. Ne4 Bxe4 24. Bxe4 Nc6 25. hxg6 fxg6 26. b3 Kg7 27. Nh4 g5 28. Nf5+ Kg8 29. Qe2 Re8 30. Bd5+ Nxd5 31. Qxe8 Qxf5 32. Qxc6 d3 33. Re5 Nb4 34. Qb5 Qf4 35. Bxf4 gxf4 36. Qc4+ Kg7 37. Qxf4 Bd6 38. Qg4+ Kf7 39. Qe6+ Kg7 40. Qxd6 d2 41. Re7+ 1-0

[Event "EU-ch Online U2300 Qual"]
[Site "Chess.com INT"]
[Date "2020.05.25"]
[Round "7"]
[White "Schlegel, Igor"]
[Black "Sergeev, Nikita S"]
[Result "1-0"]
[WhiteElo "2027"]
[BlackElo "1335"]
[PlyCount "67"]
[EventDate "2020.05.25"]
[EventType "swiss"]
[EventRounds "8"]
[EventCountry "NET"]
[SourceTitle "EXT 2021"]
[Source "ChessBase"]
[SourceDate "2020.10.23"]
[SourceVersion "1"]
[SourceVersionDate "2020.10.23"]
[SourceQuality "1"]

1. e4 e6 2. d4 d5 3. Nc3 Nf6 4. Bg5 Be7 5. e5 Nfd7 6. h4 h6 7. Be3 a6 8. Qg4 Kf8 9. 0-0-0 c5 10. Nf3 b5 11. Qf4 c4 12. g4 b4 13. Nb1 Nc6 14. g5 hxg5 15. Nxg5 Bxg5 16. Qxg5 Qxg5 17. Bxg5 a5 18. h5 f6 19. exf6 gxf6 20. Bf4 Ba6 21. Bh3 f5 22. h6 Rh7 23. c3 Kf7 24. Nd2 Rg8 25. Nf3 Ke8 26. Rde1 Nf8 27. Bxf5 Rf7 28. Bxe6 Nxe6 29. Rxe6+ Kd7 30. Rd6+ Kc7 31. Rf6+ Kd7 32. Rxf7+ Ne7 33. h7 Rh8 34. Bg5 1-0

[Event "EU-ch Online U2300 Qual"]
[Site "Chess.com INT"]
[Date "2020.05.25"]
[Round "5"]
[White "Sergeev, Nikita S"]
[Black "Le Goff, Ronan"]
[Result "1-0"]
[WhiteElo "1335"]
[BlackElo "2267"]
[PlyCount "55"]
[EventDate "2020.05.25"]
[EventType "swiss"]
[EventRounds "8"]
[EventCountry "NET"]
[SourceTitle "EXT 2021"]
[Source "ChessBase"]
[SourceDate "2020.10.23"]
[SourceVersion "1"]
[SourceVersionDate "2020.10.23"]
[SourceQuality "1"]

1. d4 d5 2. Nf3 Nf6 3. Bf4 e6 4. e3 Bd6 5. Bg3 0-0 6. Bd3 c5 7. c3 Nc6 8. Nbd2 b6 9. 0-0 Bb7 10. Re1 Re8 11. Bxd6 Qxd6 12. e4 dxe4 13. Nxe4 Nxe4 14. Bxe4 f5 15. Bc2 cxd4 16. Ng5 Ne5 17. Qxd4 Qxd4 18. cxd4 Rac8 19. Ba4 Bc6 20. Bb3 Nf7 21. Bxe6 Rxe6 22. Nxe6 h6 23. Nf4 Rd8 24. Rad1 Be4 25. f3 Bd5 26. Nxd5 Rxd5 27. Kf2 Nd6 28. Re5 1-0